000 00680nam a2200181 i 4500
001 114762
003 ES-MaACL
005 20251015063114.0
007 t|
008 070323d1910 gw ||||1| ger d
100 1 _aPaul, Jean,
_d1763-1825
_9149234
245 1 0 _aLevana nebst pèadagogischen Stücken aus seinen übrigen Werken und dem Leben des vergnügten Schulmeisterleins Maria Wuz in Auenthal /
_cJean Paul Fried. Richters ; mit richters biographie herausgegaben von Karl Lange.
260 _aLangensalza :
_bHermann Beyer,
_c1910.
300 _aC, 351 p. ;
_c21 cm.
700 1 _aLange, Karl.
_970019
852 _aES-MaACL
_jG-15179
999 _c114762
_d114762